[Event "Copenhagen Open-02 (Politiken Cup-01)"]
[Site "Copenhagen"]
[Date "1980.07.03"]
[Round "10"]
[White "Morris, Walter D"]
[Black "Poulsen, Allan"]
[Result "0-1"]
[WhiteElo "2380"]
[BlackElo "2350"]
[Annotator "Ftacnik,L"]
[PlyCount "46"]
[EventDate "1980.06.23"]
[EventType "swiss"]
[EventRounds "10"]
[EventCountry "DEN"]
[SourceTitle "EXT 2000"]
[Source "ChessBase"]
[SourceDate "1999.11.16"]
[SourceVersion "1"]
[SourceVersionDate "1999.11.16"]
[SourceQuality "1"]

1. e4 c5 2. Nf3 d6 3. d4 cxd4 4. Nxd4 Nf6 5. Nc3 a6 6. Bg5 e6 7. f4 Qb6 8. Qd2
Qxb2 9. Rb1 Qa3 10. f5 Nc6 11. fxe6 fxe6 12. Nxc6 bxc6 13. e5 dxe5 14. Bxf6
gxf6 15. Ne4 Qxa2 16. Rd1 Be7 17. Be2 O-O 18. O-O Ra7 $1 (18... f5 19. Qh6 $1
fxe4 20. Rxf8+ Bxf8 21. Qg5+ Kh8 22. Bh5 Ra7 23. Qf6+ Kg8 24. Rf1 Bc5+ 25. Kh1
Qd5 26. Bf7+ Rxf7 27. Qxf7+ Kh8 28. Qf6+ Kg8 29. Qg5+ Kh8 30. h4) 19. Qh6 $2 (
19. Rf3 $142) 19... Qxc2 $3 20. Bd3 (20. Nxf6+ Bxf6 21. Rxf6 Qc5+ 22. Kh1 Rg7
23. Qh4 $19 {Hyldkrog-Poulsen,A/corr/1979}) 20... Qb3 21. Kh1 (21. Rd2 {
Hvenekilde} f5 22. Rf3 Ba3 $3 23. Rg3+ (23. Bc2 $2 Qb6+ 24. Kh1 fxe4) 23... Kh8
24. Nf6 Raf7) 21... f5 22. Qe3 Rd7 $1 23. Rd2 (23. Qg3+ Kf7) 23... Bb4 $1 (
23... fxe4 24. Qg3+ Kh8 25. Qxe5+) (23... Bb4 $1 24. Rdd1 (24. Rb1 Bxd2 25.
Qg3+ Rg7) 24... fxe4 25. Rxf8+ Bxf8) 0-1

[Event "Interpolis-03"]
[Site "Tilburg"]
[Date "1979.11.01"]
[Round "1"]
[White "Spassky, Boris Vasilievich"]
[Black "Portisch, Lajos"]
[Result "1/2-1/2"]
[WhiteElo "2640"]
[BlackElo "2640"]
[Annotator "Ftacnik,L"]
[PlyCount "38"]
[EventDate "1979.11.01"]
[EventType "tourn"]
[EventRounds "11"]
[EventCountry "NED"]
[EventCategory "15"]
[SourceTitle "MCL"]
[Source "ChessBase"]
[SourceDate "1999.07.01"]
[SourceVersion "1"]
[SourceVersionDate "1999.07.01"]
[SourceQuality "1"]

1. e4 c5 2. Nf3 d6 3. d4 cxd4 4. Nxd4 Nf6 5. Nc3 a6 6. Bg5 e6 7. f4 Qb6 8. Nb3
Be7 (8... Qe3+ $2 9. Qe2 Qxe2+ 10. Bxe2 $16 {_|_}) 9. Qf3 Qc7 10. O-O-O Nbd7
11. Bd3 b5 12. a3 Bb7 13. Rhe1 (13. Bxf6 Nxf6 14. f5 exf5 15. Qxf5 g6 $10 {Nunn
}) 13... Nc5 14. Qh3 O-O-O 15. Nxc5 dxc5 16. e5 Nd5 (16... c4 $5 17. Bxf6 (17.
exf6 $2 gxf6 18. Be4 fxg5 19. f5 Rxd1+ 20. Nxd1 Qf4+) (17. Be4 $10 {
Bronstein-Portisch/Rio de Janeiro izt/1979}) 17... gxf6 18. Be4 fxe5 19. f5)
17. Nxd5 Bxd5 18. Bxe7 Qxe7 19. Qe3 Rd7 1/2-1/2

[Event "Dortmund 44th"]
[Site "Dortmund"]
[Date "2016.07.15"]
[Round "5"]
[White "Najer, Evgeniy"]
[Black "Vachier Lagrave, Maxime"]
[Result "0-1"]
[WhiteElo "2687"]
[BlackElo "2798"]
[Annotator "Ftacnik,L"]
[PlyCount "72"]
[EventDate "2016.07.09"]
[EventType "tourn"]
[EventRounds "7"]
[EventCountry "GER"]
[EventCategory "20"]
[SourceTitle "CBM 174"]
[Source "ChessBase"]
[SourceDate "2016.09.13"]
[SourceVersion "1"]
[SourceVersionDate "2016.09.13"]
[SourceQuality "1"]

1. e4 c5 2. Nf3 d6 3. d4 cxd4 4. Nxd4 Nf6 5. Nc3 a6 6. Bg5 e6 7. f4 h6 {
The line that will be discussed in the game tries to improve on the "normal"
Poisoned Pawn Variation with 7...Qb6.} (7... Qb6 8. Qd2 Qxb2 9. Rb1) 8. Bh4 Qb6
9. Qd2 Qxb2 10. Rb1 Qa3 11. e5 dxe5 12. fxe5 Nfd7 13. Ne4 Qxa2 14. Rd1 Qd5 15.
Qe3 Qxe5 16. Be2 Bc5 17. Bg3 {The whole system is extremely popular also in
computer chess. People handling chess engines are forcing the machines to play
sharpest Najdorf lines very often, the number of games running into tens of
thousands. One of the fruits of this extensive labor are the new and
surprising lines. Not so long ago the move 17...Bxd4 was perceived as
necessary.} Qd5 $5 {[%mdl 4]} (17... Bxd4) 18. c4 {Only experience can justify
abstaining from the obviously dangerous move 18.Bf3. Unfortunately Black can
simply castle and White finds it next to impossible to squeeze out some
advantage.} (18. Bf3 O-O $1 (18... Bxd4 19. Qa3 $1 (19. Rxd4 Qa5+ 20. Rd2 O-O
21. O-O Nc6 $17) 19... Bc5 (19... Kd8 20. c4 Qxc4 21. Rc1 $16) 20. Qc3 Nc6 21.
Rxd5 Bb4 22. Nd6+ Kf8 23. Qxb4 Nxb4 24. Rd2 $14) 19. Qc3 (19. Nf6+ Nxf6 20.
Bxd5 Bb4+ $1 (20... exd5 21. O-O Nc6 22. Rxf6 Nxd4 23. Rxd4 gxf6 24. Bd6 Bxd4 (
24... Bxd6 25. Rh4 Bc5 26. Qxc5 Kg7 27. Qe3 Rh8 28. Qg3+ $14) 25. Qxd4 Re8 26.
Qxf6 a5 27. Qxh6 Bf5 28. Qg5+ Bg6 29. h4 a4 30. h5 a3 31. Bxa3 Rxa3 32. hxg6
Re6 $14) 21. Kf1 exd5 22. h3 (22. Qb3 a5) 22... Re8 23. Qb3 Bc5 24. Bf2 Nbd7
25. Ne2 b5 $17) 19... e5 (19... a5 20. O-O Bxd4+ 21. Rxd4 Qb5 22. Nd6 Qc5 $11)
20. Nb3 Bd4 21. Nxd4 exd4 22. Rxd4 Qe6 23. Rd6 Qe7 (23... Qf5 $5 24. O-O Nc6
$11) 24. Rd2 Nf6 (24... Nc6 $1 25. Bd6 Qh4+ 26. g3 Qd8 27. Bxf8 Qxf8 $11) 25.
Bd6 Nxe4 26. Bxe7 Nxc3 27. Bxf8 Nc6 28. Bxc6 bxc6 29. Rd8 Bb7 30. Rxa8 Bxa8 31.
Be7 c5 32. Bxc5 Bxg2 33. Rg1 $18 {1-0 (44) Eryomenko,V (2512)-Malimonenko,V 
(2222) Azov 2010}) 18... Bxd4 19. Rxd4 Qa5+ 20. Rd2 {Even though some moves
are clearly "polished" after many games played, we still have to judge them on
general merit. The reason why the white king is not sidesteping to f2 is the
indirect tension from the future black rook on f8.} (20. Kf2 O-O 21. Rhd1 f5
22. Nd6 Nf6 23. Nxc8 Ne4+ 24. Kg1 Rxc8 25. Be1 Qc7 $17) 20... O-O 21. Bd6 f5 {
Your annotator is happy that Black is not limited to this aggressive
counterblow. Two other moves are playable in this sharp and rich position. The
bonus of a forceful move lies in the fact that it restricts White's
possibilities.} (21... Rd8 22. g4 (22. Qg3 Qf5 23. Be5 Qg6 24. Qh4 Nc6 25. Bc3
Rf8 26. O-O f5 27. Bh5 Qh7 28. Qg3 fxe4 29. Bg6 Qh8 30. Bxe4 e5 $11 {1/2-1/2 
(35) Rentner2 (2565)-Mission control (2469) playchess.com INT 2007}) 22... Nc6
(22... f5 $5 23. Nc3 Nc6 $11) 23. g5 hxg5 24. Rg1 Nde5 25. Rxg5 Rxd6 26. Nxd6
f6 $2 (26... Bd7 $1 $14) 27. Rh5 Ne7 28. Qh3 N7g6 29. Nxc8 $18 {1-0 (41) Van
Foreest,J (2494)-Zwirs,N (2358) Amsterdam 2015}) (21... Re8 22. Qg3 (22. O-O $5
f5 23. Bxb8 fxe4 24. Bd6 Nf6 $11) 22... Qf5 23. Bd3 Qg6 24. Qxg6 fxg6 25. Bg3
Rd8 26. Nd6 g5 27. Rf1 Nc6 28. Be4 Nc5 29. Bxc6 bxc6 30. Be5 Rd7 {0-1 (41)
Mekhitarian,K (2511)-Fargere,F (2478) Dieren 2010} (30... a5 $17)) 22. Bxf8
Nxf8 23. Nd6 Nbd7 {Once again we should note that the knight move to d7 might
be better, but the c6-square seems to be good enough for the knight
development.} (23... Nc6 24. O-O Qe5 25. Qxe5 Nxe5 26. Bh5 b5 $11) 24. g4 fxg4
(24... Qe5 25. Qxe5 Nxe5 26. gxf5 exf5 27. O-O g6 28. Rb1 Be6 29. c5 a5 30. Ra1
a4 31. Ra3 $15 {1/2-1/2 (31) Yu,Y (2667)-Wei,Y (2629) China 2014}) 25. Bxg4
Qa1+ 26. Rd1 Qe5 27. Rd3 $2 {The position was objectively equal, and practice
knows the example of the knight jump to e4 here. Najer was obviously out of
the book by now, but his rook move is a grave tactical mistake.} (27. Ne4 b6 {
1/2-1/2 (27) Kargin,A (2418)-Papp,P (2297) Budapest 2016} (27... b5 $1 28. O-O
bxc4 29. Qd4 Bb7 30. Nd6 Bc6 31. Nxc4 Qg5 32. Qf4 $11)) (27. Ke2 Qxe3+ 28. Kxe3
Ne5 29. Be2 Bd7 30. Ra1 Bc6 31. Rhb1 $11) 27... Nc5 $1 28. O-O (28. Qxe5 Nxd3+
$19) 28... Nxd3 29. Qxd3 Bd7 {Three extra pawns represent a lot of material,
Vachier Lagrave just has to get his pieces onto active squares and the
situation will become critical for White.} 30. Nxb7 (30. Nf7 Qc5+ 31. Rf2 a5
32. Qg3 Be8 $19) 30... Rb8 {Any good engine will suggest a solution that was
even more simple and efficient.} (30... Bc6 31. Bf3 Bxf3 32. Qxf3 Ng6 $19) 31.
Bf3 Qc7 32. Nd6 (32. Qa3 Qxc4 $19) 32... Qc5+ 33. Rf2 (33. Kh1 a5 34. Rg1 Bc6
$19) 33... a5 $1 34. Nb7 Qb4 {It is easy to understand why an excellent
grandmaster tries to avoid the positional risk connected with the "more
clever" queen retreat to a7.} (34... Qa7 35. Qd6 a4 $1 36. c5 a3 37. Qb6 Qa4
38. Qa5 Ng6 $19) 35. Qe4 (35. Nd6 Rb6 36. Ne4 a4 37. c5 Qb1+ 38. Qf1 Rb3 $19)
35... Nh7 36. c5 Ng5 $1 {It is quite symbolic that in the moment when all
black pieces are getting into play, White's position is collapsing.} (36... Ng5
$1 37. Qxb4 Nxf3+ 38. Rxf3 axb4 39. Na5 Rc8 40. Nb3 Ba4 $19) 0-1

[Event "Olympiad-39"]
[Site "Khanty-Mansiysk"]
[Date "2010.09.25"]
[Round "5.2"]
[White "Motylev, Alexander"]
[Black "Sutovsky, Emil"]
[Result "0-1"]
[WhiteElo "2694"]
[BlackElo "2665"]
[Annotator "Ftacnik,L"]
[PlyCount "78"]
[EventDate "2010.09.21"]
[EventType "team-swiss"]
[EventRounds "11"]
[EventCountry "RUS"]
[SourceTitle "CBM 139"]
[Source "ChessBase"]
[SourceDate "2010.11.18"]
[SourceVersion "1"]
[SourceVersionDate "2010.11.18"]
[SourceQuality "1"]
[WhiteTeam "Russia III"]
[BlackTeam "Israel"]
[WhiteTeamCountry "RUS"]
[BlackTeamCountry "ISR"]

1. e4 c5 2. Nf3 d6 3. d4 cxd4 4. Nxd4 Nf6 5. Nc3 a6 6. Bg5 e6 7. f4 Qb6 8. Qd2
Qxb2 {Anybody feeling that Black is playing with fire in this sharp line of
the Najdorf Variation is absolutely right. White gets a huge development
advantage, but if he doesn't break through the defence he will be worse.} 9.
Rb1 Qa3 10. e5 h6 11. Bh4 dxe5 12. fxe5 Nd5 $5 {The daring move of the knight
to the central square is quickly winning followers. Black has two other ideas
in this critical moment, but players were getting tired of defending the
extreme positions after 12...Nfd7.} (12... g5 13. Bg3 (13. exf6 gxh4 14. Ne4 a5
15. Nb5 Bb4 16. c3 Bxc3 17. Nbxc3 Nc6 18. Rb3 {1-0 Secer,A (2325)-Gunay,A 
(2174)/Konya 2010}) 13... Nh5 14. Ne4 {1/2-1/2 Gharamian,T (2650)-Feller,S 
(2611)/Paris 2010}) (12... Nfd7 13. Ne4 Qxa2 14. Rd1 Qd5 15. Qe3 Qxe5 16. Be2
Bc5 17. Bg3 Bxd4 18. Rxd4 Qa5+ 19. Rd2 O-O 20. Bd6 Rd8 21. g4 Nc6 22. g5 hxg5
23. Rg1 Nf6 24. Rxg5 Qa1+ 25. Rd1 Qxd1+ 26. Bxd1 Nxe4 27. Qxe4 Rxd6 28. h4 $13
{1-0 Negi,P (2615)-Huschenbeth,N (2459)/Chotowa 2010 (40)}) 13. Nxd5 exd5 14.
e6 $5 {White is correctly using his active pieces for creating more problems
in the enemy position.} (14. c4 Nc6 15. Nxc6 bxc6 16. cxd5 $2 (16. Bd3 Be6 $15)
16... Qa4 {0-1 Titgemeyer,S (1957)-Friedrich,W (2138)/Oberhof 2010}) 14... Bxe6
(14... fxe6 15. Be2 g5 16. Bh5+ Kd8 17. Bf2 Bd6 18. O-O Rf8 (18... Bf4 19.
Nxe6+ Bxe6 20. Qd4 Rf8 21. Qb6+ Bc7 22. Qxe6 $16) 19. Bg4 $5 (19. c4 Nc6 20.
cxd5 Nxd4 21. Qxd4 e5 22. Qb6+ Ke7 23. Rbe1 Qc3 24. Re3 Qc7 25. Rxe5+ $18 {
1-0 Alsina Leal,D (2510)-Panelo Munoz,M (2425)/Sabadell 2009 (28)}) 19... Nc6
20. Nxe6+ $16) 15. Nxe6 fxe6 16. Bd3 {White had to part with a magnificent
knight, but the disparity in development is still enormous.} (16. Qe2 $2 Qc3+
17. Qd2 Qxd2+ 18. Kxd2 Be7 19. Bxe7 Kxe7 20. Rxb7+ Nd7 21. Be2 Rhb8 22. Rhb1
Rxb7 23. Rxb7 Kd6 $17 {1/2-1/2 Hossain,E (2516)-Safarli,E (2587)/Kolkata 2009 
(53)}) 16... Be7 17. Bg6+ (17. Bxe7 Qxe7 18. O-O Nd7 $1 (18... b5 $6 {Black
can ill afford the ambition to keep all his pawn, much more sensible is the
advancing of the neglected development.} 19. Kh1 Rf8 20. Qc3 Kd8 21. Qa5+ Kc8
22. Rxf8+ Qxf8 23. Qb6 $16 {1-0 Vydeslaver,A (2399)-Raznikov,D (2251)/Haifa
2008 (36)}) 19. Bg6+ Kd8 20. Rf7 Qc5+ 21. Kh1 Rf8 22. Rxg7 Rf6 23. Rg8+ Rf8 $11
) 17... Kd8 18. Bxe7+ Qxe7 19. O-O (19. Rf1 Nc6 20. Rf7 Qc5 21. Qf4 Qg1+ 22.
Kd2 Qxg2+ 23. Kc3 Qh3+ 24. Bd3 e5 25. Qf2 d4+ (25... Rc8 $2 26. Rbxb7 Na5+ 27.
Kb2 Nxb7 28. Qb6+ Ke8 29. Rxb7 {1-0 Hossain,E (2531)-Nolte,R (2479)/Subic Bay
2009 (31)}) 26. Kd2 b5 27. Rxg7 Qe3+ 28. Qxe3 dxe3+ 29. Kxe3 Nd4 $11) 19... Nd7
$1 {[%mdl 4] The key move for Black's defence. The black knight will prevent
all kinds of mischief and White will never get a chance to use both his rooks
on the 7th rank.} (19... b5 20. c4 (20. Rbe1 Nc6 21. Qc3 Rc8 22. Rf7 Qb4 23.
Rxe6 Qxc3 24. Rd6+ Ke8 25. Re6+ $11) 20... Qc5+ {1/2-1/2 Flyingfatman (2575)
-Moro Gamgee (2473)/playchess.com INT 2008}) (19... Nc6 20. Qe3 d4 21. Qg3 $16)
20. Rxb7 Qc5+ 21. Kh1 Ra7 {Sutovsky works hard on chess (he was a second for
Kamsky in his World Cup 2007 success) and often comes with his own ideas in
openings.} (21... Rf8 22. Rxf8+ Nxf8 (22... Qxf8 23. Qa5+ Ke7 24. Bd3 Qc8 $15)
23. Bd3 Nd7 24. Qe1 Qc6 25. Rb1 Rb8 (25... Rc8 $15) 26. Rxb8+ Nxb8 27. Qe5 Nd7
28. Qxg7 $11 {1/2-1/2 Bok,B (2360)-Schut,L (2212)/Enschede 2009 (52)}) 22. Rb3
(22. Rxa7 Qxa7 23. Qa5+ Qc7 24. Qxa6 Rf8 25. Rxf8+ Nxf8 26. Qa8+ Ke7 27. Qe8+
Kf6 28. Bh5 Qe7 $11) 22... Rf8 23. Rxf8+ Nxf8 {It is very difficult for me to
decide, if recapturing with the queen would have been objectively stronger.
The game move certainly contributed to Black's overall success.} (23... Qxf8
24. h3 Rc7 25. Qa5 Qd6 $15) 24. Rb8+ Ke7 25. Bh5 (25. Qd3 Rc7 26. h3 Qf2 $15)
25... g6 26. Qxh6 $6 {Motylev was not very happy with his position and he
willingly goes into an inferior endgame. From a practical point of view it
might have been smarter to play with more pieces as the black king is somewhat
vulnerable.} (26. Bd1 Nd7 27. Rh8 Kd6 $15) 26... Qf2 27. Qg7+ Kd6 28. Qxf8+
Qxf8 29. Rxf8 gxh5 30. Rc8 (30. Rh8 Rc7 31. Rxh5 Rxc2 $17) 30... e5 31. h4 $2 {
White is making a serious mistake in leaving his king at the corner. The pawn
advance prepares counterplay, but his majesty remains far away.} (31. Kg1 $1
Rf7 (31... Rb7 32. Ra8 d4 33. Rxa6+ Kd5 $15) 32. c3 e4 33. a4 h4 $15) 31... d4
32. Kg1 Rf7 $1 33. Ra8 Kd5 34. Rxa6 Rc7 $1 {Sutovsky has done everything right
and his clever play has paved the way forward for his central pawns.} 35. g4 (
35. Ra5+ Ke4 36. Kh2 Rxc2 37. Ra4 Ke3 38. Ra5 e4 39. Rxh5 d3 $19) 35... Rxc2
36. gxh5 d3 37. Ra8 d2 38. Rd8+ Ke4 39. Kf1 Ke3 {The d-pawn will be promoted,
any resistance is now futile.} (39... Ke3 40. h6 Rc1+ 41. Kg2 d1=Q 42. Rxd1
Rxd1 43. h7 Rd8 $19) 0-1

[Event "USA-ch"]
[Site "Saint Louis"]
[Date "2009.05.16"]
[Round "8"]
[White "Shabalov, Alexander"]
[Black "Krush, Irina"]
[Result "1-0"]
[WhiteElo "2569"]
[BlackElo "2452"]
[Annotator "Ftacnik,L"]
[PlyCount "47"]
[EventDate "2009.05.08"]
[EventType "swiss"]
[EventRounds "9"]
[EventCountry "USA"]
[SourceTitle "CBM 130"]
[Source "ChessBase"]
[SourceDate "2009.05.20"]
[SourceVersion "1"]
[SourceVersionDate "2009.05.20"]
[SourceQuality "1"]

1. e4 c5 2. Nf3 d6 3. d4 cxd4 4. Nxd4 Nf6 5. Nc3 a6 6. Bg5 e6 7. f4 Qb6 8. Qd3
{The queen move to d3 is much less common, than the standard 8.Qd2. Problems
for Black are a bit different, as White can hope to use his queen for the
attack via c4 square or along the 3rd rank.} Qxb2 9. Rb1 Qa3 10. f5 Be7 (10...
Qc5 11. Be2 Nbd7 12. fxe6 Qxg5 13. exd7+ Bxd7 14. O-O Qc5 15. Rxb7 Be7 16. Kh1
Qc8 17. Rb3 O-O 18. Nd5 Nxd5 19. exd5 $11 {1/2-1/2 Filippov,A (2531)
-Khismatullin,D (2613)/Zvenigorod 2008 (43)}) 11. Be2 Nc6 {Developing the
pieces seems to be more logical than retreat of the queen to safety with 11...
Qa5.} (11... Qa5 12. Bd2 Qc7 13. fxe6 fxe6 14. g4 (14. Qh3 Nc6 15. Nxc6 Qxc6
16. Bh5+ Nxh5 17. Qxh5+ g6 18. Qh6 Bf6 19. Ne2 Bd7 20. O-O Rf8 21. Rb3 Be7 22.
Rbf3 Rxf3 23. Rxf3 Qxe4 $11 {1/2-1/2 Bezgodov,A (2543)-Najer,E (2600)/Elista
2001 (52)}) 14... h6 15. e5 dxe5 16. Qg6+ Kf8 17. Nf3 Bd7 18. g5 Be8 19. Qd3
hxg5 20. Nxg5 Bf7 21. Nxf7 Kxf7 22. Rg1 {1-0 Radjabov,T (2663)-Rowson,J (2577)/
Mallorca 2004 (31)} Kf8 $13) 12. fxe6 fxe6 13. Nxc6 bxc6 14. e5 {The standard
opening of the center is truly double edged with the white queen on d3. White
players were testing few alternatives; quite promissing seems to be the
immediate 14.Bh5!?} (14. O-O Qa5 (14... O-O 15. Nd5 Qxd3 16. Nxe7+ Kf7 17. Bxd3
Kxe7 18. e5 dxe5 19. Bxh7 Bd7 20. Bg6 Rfb8 21. Be3 Rxb1 22. Bc5+ Kd8 23. Rxb1
$14 {1-0 Negi,P (2445)-Senff,M (2476)/Moscow 2006 (60)}) 15. Bxf6 gxf6 16. Bg4
Rg8 (16... O-O 17. Kh1 Kh8 18. Ne2 Rg8 19. Bh3 Qg5 20. Nd4 c5 21. Nc6 $14 {
1/2-1/2 Lastin,A (2625)-Areshchenko,A (2567)/St Petersburg 2002 (29)}) (16...
h5 17. Bh3 Kf7 18. Kh1 h4 19. e5 dxe5 20. Ne4 f5 21. Nd6+ Bxd6 22. Qxd6 Ra7 23.
Qxc6 Rc7 $19 {1/2-1/2 Nataf,I (2549)-Marjanovic,S (2511)/Budva 2003 (38)}) 17.
Bh3 Rg5 18. Ne2 Rb5 (18... Qc5+ 19. Kh1 a5 20. c4 Kf7 21. Nd4 Rg6 $11 {1-0
Sambuev,B (2441)-Kokarev,D (2510)/St Petersburg 2002 (100)}) 19. Rbd1 Rc5 20.
Kh1 Qb5 21. Qf3 Bd7 22. Nf4 Qc4 $17 {1/2-1/2 Gashimov,V (2644)-Areshchenko,A 
(2641)/Lausanne 2006 (41)}) (14. Bd2 Qc5 15. Na4 Qa7 16. Be3 c5 17. O-O O-O 18.
e5 dxe5 19. Nb6 Rb8 20. Nxc8 Rbxc8 21. Qxa6 Qxa6 22. Bxa6 Ra8 $15 {1/2-1/2
Negi,P (2538)-Karjakin,S (2672)/Cap d'Agde 2006 (29)}) (14. Bh5+ $5 g6 (14...
Nxh5 15. Bxe7 Nf4 16. Qd4 e5 17. Qxe5 dxe5 18. Bxa3 Nxg2+ 19. Kf2 Nf4 20. Bd6
$14) 15. e5 Nd5 (15... dxe5 16. Rb3 Qc5 17. Bxg6+ hxg6 18. Qxg6+ Kd7 19. Bxf6
$16) 16. Rb3 Qa5 17. Bxe7 Nxe7 18. exd6 Qxh5 19. dxe7 Qh4+ 20. g3 Qxe7 21. O-O
Rf8 22. Ne4 $16 {1-0 Mamedov,R (2617)-Kokarev,D (2579)/Plovdiv 2008 (29) Black
was fighting for his life in very difficult position.}) 14... dxe5 15. Bxf6
gxf6 16. Bh5+ Kf8 17. O-O {The ambition to improve white queen by shifting it
to dark squares have failed - they also indirectly question the wisdom of
playing 8.Qd3.} (17. Qd2 Kg7 18. Rb3 Qa5 19. O-O Rg8 20. Kh1 Kh8 21. Qh6 Qd8
22. Ne4 f5 23. Bf7 Qf8 $19 {0-1 Nunn,J (2585)-Kasparov,G (2740)/Brussels 1986 
(27)}) (17. Qe3 Kg7 18. Rb3 Qc5 19. Qg3+ Kf8 20. Ne4 Qa5+ 21. Rc3 Rg8 22. Qh3
Qa4 23. Nxf6 Bxf6 24. O-O Qd4+ 25. Kh1 e4 $19 {0-1 Pyhala,A (2380)-Tella,J/
Finland 1993 (34)}) 17... f5 $146 {[%mdl 4] Krush is not consequent enough.
The pawn advance in the center 17...e4!? is probably puting a question mark on
White's set up.} (17... e4 $5 18. Qh3 f5 (18... e5 $1 19. Qh4 f5 20. Qe1 Kg7
21. Qg3+ Kh6 22. Qh3 Rf8 23. Kh1 Kg7 $17) 19. Kh1 Rg8 20. Rb3 Qc5 21. Nxe4 Qxc2
22. Bf3 Qxa2 (22... Rg7 $15) 23. Qxh7 Qxb3 24. Bh5 e5 25. Rxf5+ Bxf5 26. Qxf5+
Kg7 27. Qg6+ Kf8 28. Qf5+ {1/2-1/2 Van der Wiel,J (2520)-Gavrikov,V (2570)/
London 1985}) 18. Kh1 Rg8 (18... Qd6 19. Qe3 Kg7 20. Qg3+ Kh6 21. Qh3 Qd4 22.
g4 $1 $13) 19. Qc4 Kg7 (19... Rg5 $2 20. Qxc6 Rxh5 21. Ne4 Kf7 22. Qxa8 $16)
20. Na4 a5 {The choice of defence is a subjective question in this complex
position. It seems, that with best play the chances would remain even.} (20...
Qd6 21. Nb6 Rb8 22. Nxc8 Rgxc8 23. Rbd1 Rb4 24. Rxd6 Rxc4 25. Rxe6 $11) (20...
f4 21. g3 Kh6 22. Bf3 a5 23. Nb6 Rb8 24. gxf4 $11) 21. Rfd1 Ba6 (21... Kf6 22.
Rb3 $18) (21... Qe3 22. Nb6 Rb8 23. Nxc8 Rxb1 24. Rxb1 Rxc8 25. Qxe6 Rc7 26.
Rf1 $1 $14) 22. Qxe6 Rad8 $2 {Terrible mistake that is leaving the rook on g8
exposed to the suprising attack along the 3rd rank. Black is immediatelly lost
instead of keeping the balanced chances.} (22... Rgd8 $1 23. Nb6 (23. Rb3 Rxd1+
24. Bxd1 Qd6 $17) 23... Rab8 (23... Rxd1+ $2 24. Rxd1 Rd8 25. Nd7 $16) 24. Qf7+
Kh8 (24... Kh6 25. Rb3 $18) 25. Rxd8+ Rxd8 26. Nd7 Bc4 27. Qxc4 Rxd7 28. Qe6
Qd6 $11) 23. Rb3 $1 Rxd1+ 24. Bxd1 (24. Bxd1 Rd8 25. Rg3+ Qxg3 26. Qxe7+ Kh6
27. hxg3 Rxd1+ 28. Kh2 $18) 1-0